header

Symfony 1.3 web application development (Record no. 233919)

MARC details
000 -LEADER
fixed length control field 01272nam a2200301Ia 4500
100 1# - MAIN ENTRY--AUTHOR NAME
Personal name Bowler, Tim.
245 10 - TITLE STATEMENT
Title Symfony 1.3 web application development
260 ## - PUBLICATION, DISTRIBUTION, ETC. (IMPRINT)
Place of publication Birmingham, U.K. :
Name of publisher Packt Pub.,
Year of publication 2009.
300 ## - PHYSICAL DESCRIPTION
Number of Pages v, 211 p. :
Other physical details ill.
650 #0 - SUBJECT ADDED ENTRY--TOPICAL TERM
Topical Term Application software.
Topical Term Web site development
700 1# - ADDED ENTRY--PERSONAL NAME
Personal name Bancer, Wojciech.
856 40 - ELECTRONIC LOCATION AND ACCESS
Uniform Resource Identifier http://site.ebrary.com/lib/rucke/Doc?id=10433539

No items available.

© 2026 Rongo University
Contact us: librarian | system librarian | Rongo university